Structural surveys and reports writing

Bibliographic Details
Main Author: Lam, Kwok Chue
Format: Book
Published: 1976
Subjects:

MARC

LEADER 00000cam a2200000 7i4500
001 0000016712
005 20060616.0
040 |a INS 
090 0 0 |a KK257 
100 1 |a Lam, Kwok Chue 
245 1 0 |a Structural surveys and reports writing   |c Lam Kwok Chue 
260 |a 1976 
300 |a 23 p. ;   |c 33 cm. 
650 0 0 |a Report writing 
650 0 0 |a Surveys 
999 |a KK00000572   |b BOOK   |c Open Shelf   |e Default branch 
999 |a KK00000573   |b BOOK   |c Open Shelf   |e Default branch 
999 |a KK00000574   |b BOOK   |c Open Shelf   |e Default branch 
999 |a KK00000575   |b BOOK   |c Open Shelf   |e Default branch 
999 |a KK00000576   |b BOOK   |c Open Shelf   |e Default branch